Reč tela v obchodnom rozhovore

Neverbálne signály komunikácie počas obchodného jednania.

Saved in:
Bibliographic Details
Main Author: Jarošová, Jana
Format: Book Chapter
Language:Slovak
Subjects:
Tags: Add Tag
No Tags, Be the first to tag this record!

MARC

LEADER 00000naa a2200000 4500
001 0210044
005 20231120130636.5
041 0 |a slo 
044 |a SK 
245 1 0 |a Reč tela v obchodnom rozhovore  |c Jana Jarošová 
520 |a Neverbálne signály komunikácie počas obchodného jednania. 
610 2 0 |a rozhovor 
610 2 0 |a rokovania obchodné 
610 2 0 |a komunikácia neverbálna 
100 1 |a Jarošová, Jana